000 00504cad a22001815a 4500
001 L158616
008 150514e20150205xxk 000 0 eng d
035 _a(Sirsi) u158616
041 0 _aeng
100 1 _aHudson, Jeremy
245 0 0 _aJoint venture trust issues
260 _c2015
490 _aEstates Gazette
_v(1517) 2 May 2015, 67(1)
520 _aConsiders whether a constructive trust may arise between partners in a joint venture.
590 _aKA
700 1 _aFrancis, Edward
942 _n0
999 _c84636
_d84636